00721 2200253 4500001002100000005001700021008004100038035002400079082001200103090001900115100001900134245009500153250001800248260003400266300003000300500003100330500001100361650002900372850001500401980001500416985000600431999001500437999001500452YOGYA-0209000002326220090227023745.0 ind  0010-020900000023262 a005.369 a005.369bJog T aJOGIYANTO, H.M aTeori dan aplikasi program komputer bahasa cobolbdengan 343 contoh programcJogiyanto H.M aEd. 1, cet. 1 aYogyakartabAndi Offsetc1987 axxi, 681 hlmbilusc23 cm aBibliografi : hlm. 661-662 aIndeks aCobol (Program komputer) aYOPDYOG(B) a02-11-2007 a2 a06A0021273 a06A0021274